书目信息 |
| 题名: |
中文版UG NX 4.0入门与提高 : 卓越版
|
|
| 作者: | 龙飞 主编 | |
| 分册: | ||
| 出版信息: | 上海 上海科学普及出版社 2007 |
|
| 页数: | 279页 | |
| 开本: | 26cm | |
| 丛书名: | 附光盘 | |
| 单 册: | ||
| 中图分类: | TB472-39 | |
| 科图分类: | ||
| 主题词: | 工业产品--计算机辅助设计--图形软件--教材 | |
| 电子资源: | ||
| ISBN: | 978-7-5427-3768-7 | |
| 000 | 00927nam0 2200253 450 | |
| 001 | 997 | |
| 005 | 20161102160438.87 | |
| 010 | @a978-7-5427-3768-7@dCNY39.80 | |
| 100 | @a20081127d2007 em y0chiy50 ea | |
| 101 | 0 | @achi |
| 102 | @aCN@b310000 | |
| 105 | @ay z 000yy | |
| 200 | 1 | @a中文版UG NX 4.0入门与提高 : 卓越版@9zhong wen ban ug nx 4.0 ru men yu ti gao : zhuo yue ban@f龙飞主编 |
| 210 | @a上海@c上海科学普及出版社@d2007 | |
| 215 | @a279页@d26cm | |
| 225 | 2 | @a附光盘 |
| 300 | @a计算机入门与提高实用教程系列 | |
| 330 | @a本书共分12章,从UG NX 4.0的基础知识讲起,主要内容包括:UG NX4.0入门导航、曲线的绘制与编辑、草图的应用、初级建模特征、高级建模特征、特征的操作和编辑、表达式的应用等。 | |
| 410 | 0 | @12001 @a附光盘 |
| 606 | 0 | @a工业产品@x计算机辅助设计@x图形软件@x教材 |
| 690 | @aTB472-39@v4 | |
| 701 | 0 | @a龙飞@9long fei@4主编 |
| 801 | 0 | @aCN@b唐山师范学院图书馆@c20160830 |
| 905 | @aZUCC@dTB472-39@e270 | |
| 中文版UG NX 4.0入门与提高 : 卓越版/龙飞主编.-上海:上海科学普及出版社,2007 |
| 279页;26cm.-(附光盘) |
| 计算机入门与提高实用教程系列 |
| ISBN 978-7-5427-3768-7:CNY39.80 |
| 本书共分12章,从UG NX 4.0的基础知识讲起,主要内容包括:UG NX4.0入门导航、曲线的绘制与编辑、草图的应用、初级建模特征、高级建模特征、特征的操作和编辑、表达式的应用等。 |
| ● |
| 相关链接 |
|
|
|
|
正题名:中文版UG NX 4.0入门与提高 : 卓越版
索取号:TB472-39/270
 
预约/预借
| 序号 | 登录号 | 条形码 | 馆藏地/架位号 | 状态 | 备注 |
| 1 | 906499 | 209064992 | 第二样本阅览室/ [索取号:TB472-39/270] | 在馆 | |
| 2 | 906500 | 209065009 | 第三借阅区/ [索取号:TB472-39/270] | 在馆 | |
| 3 | 906501 | 209065018 | 第三借阅区/ [索取号:TB472-39/270] | 在馆 |